Under the Texas sun / (Registro nro. 237562)

Detalles MARC
000 -LEADER
fixed length control field 02339nam a2200505Ii 4500
001 - CONTROL NUMBER
control field DIGARTEP0012
003 - CONTROL NUMBER IDENTIFIER
control field NyNyDIG
008 - FIXED-LENGTH DATA ELEMENTS--GENERAL INFORMATION
fixed length control field 140611t20072007txu ob 000 f spa d
006 - FIXED-LENGTH DATA ELEMENTS--ADDITIONAL MATERIAL CHARACTERISTICS
fixed length control field m o d
007 - PHYSICAL DESCRIPTION FIXED FIELD--GENERAL INFORMATION
fixed length control field cr |||||||||||
040 ## - CATALOGING SOURCE
Original cataloging agency DGITA
Language of cataloging eng
Description conventions rda
-- pn
Transcribing agency DGITA
020 ## - INTERNATIONAL STANDARD BOOK NUMBER
International Standard Book Number 9781611921366
Qualifying information (eBook)
020 ## - INTERNATIONAL STANDARD BOOK NUMBER
International Standard Book Number 1611921368
Qualifying information (eBook)
020 ## - INTERNATIONAL STANDARD BOOK NUMBER
Canceled/invalid ISBN 1558854800 (alk. paper)
020 ## - INTERNATIONAL STANDARD BOOK NUMBER
Canceled/invalid ISBN 9781558854802 (alk. paper)
035 ## - SYSTEM CONTROL NUMBER
System control number (OCoLC)647675626
041 1# - LANGUAGE CODE
Language code of text/sound track or separate title spa
-- eng
Language code of original spa
050 14 - LIBRARY OF CONGRESS CALL NUMBER
Classification number PQ7297.E733 eBook
100 1# - MAIN ENTRY--PERSONAL NAME
Personal name Espinoza, Conrado,
Dates associated with a name 1897-1977,
Relator term author.
245 10 - TITLE STATEMENT
Title Under the Texas sun /
Statement of responsibility, etc. by Conrado Espinoza ; English translation by Ethriam Cash Brammer de Gonzales ; introduction by John Pluecker = El sol de Texas / por Conrado Espinoza ; traducción al inglés de Ethriam Cash Brammer de Gonzales ; introducción por John Pluecker.
246 31 - VARYING FORM OF TITLE
Title proper/short title Sol de Texas
250 ## - EDITION STATEMENT
Edition statement Bilingual edition = Edición bilingüe.
264 #1 - PRODUCTION, PUBLICATION, DISTRIBUTION, MANUFACTURE, AND COPYRIGHT NOTICE
Place of production, publication, distribution, manufacture Houston, Texas :
Name of producer, publisher, distributor, manufacturer Arte Público Press,
Date of production, publication, distribution, manufacture, or copyright notice [2007]
264 #4 - PRODUCTION, PUBLICATION, DISTRIBUTION, MANUFACTURE, AND COPYRIGHT NOTICE
Date of production, publication, distribution, manufacture, or copyright notice ©2007
300 ## - PHYSICAL DESCRIPTION
Extent 1 online resource (257 pages)
336 ## - CONTENT TYPE
Content type term text
Content type code txt
Source rdacontent
337 ## - MEDIA TYPE
Media type term computer
Media type code c
Source rdamedia
338 ## - CARRIER TYPE
Carrier type term online resource
Carrier type code cr
Source rdacarrier
500 ## - GENERAL NOTE
General note "Recovering the U.S. Hispanic literary heritage"--Page [1] of cover.
546 ## - LANGUAGE NOTE
Language note Parallel text in Spanish and English.
520 0# - SUMMARY, ETC.
Summary, etc. Considered the first novel of Mexican immigration depicting the diverse experiences of Mexican immigrants.
588 0# - SOURCE OF DESCRIPTION NOTE
Source of description note Online resource; title from ePub and PDF title page (Digitalia, viewed June 13, 2014)
650 #0 - SUBJECT ADDED ENTRY--TOPICAL TERM
Topical term or geographic name entry element Mexicans
Geographic subdivision Texas
Form subdivision Fiction.
655 #0 - INDEX TERM--GENRE/FORM
Genre/form data or focus term Electronic books.
700 12 - ADDED ENTRY--PERSONAL NAME
Personal name Espinoza, Conrado,
Dates associated with a name 1897-1977.
Title of a work Sol de Texas.
Language of a work English.
700 12 - ADDED ENTRY--PERSONAL NAME
Personal name Espinoza, Conrado,
Dates associated with a name 1897-1977.
Title of a work Sol de Texas.
700 1# - ADDED ENTRY--PERSONAL NAME
Personal name Brammer, Ethriam Cash,
Relator term translator.
791 2# -
-- Digitalia (Firm),
-- distributor.
793 0# -
-- Digitalia eBook Collection:
-- Arte Público Press.
776 08 - ADDITIONAL PHYSICAL FORM ENTRY
Relationship information Print version:
Main entry heading Espinoza, Conrado, 1897-1977.
Title Under the Texas sun.
Place, publisher, and date of publication Houston, Texas : Arte Público Press, c2007
International Standard Book Number 1558854800
Record control number (DLC) 2006051736
-- (OCoLC)74988508
830 #0 - SERIES ADDED ENTRY--UNIFORM TITLE
Uniform title Recovering the U.S. Hispanic Literary Heritage Project publication.
856 40 - ELECTRONIC LOCATION AND ACCESS
Materials specified Digitalia Hispánica
Uniform Resource Identifier <a href="https://www.digitaliapublishing.com/a/23231/">https://www.digitaliapublishing.com/a/23231/</a>
910 ## - USER-OPTION DATA (OCLC)
User-option data Premium Collection: 2014
942 ## - ADDED ENTRY ELEMENTS (KOHA)
Koha item type Recurso Electrónico
Existencias
Withdrawn status Lost status Damaged status Not for loan Collection Home library Current library Date acquired Total checkouts Date last seen Price effective from Koha item type
        Digitalia Ebooks Hispanica Biblioteca Digital UIN Biblioteca Digital UIN 04/25/2025   04/25/2025 04/25/2025 Recurso Electrónico

CONTACTO


NOSOTROS


SITIOS DE INTERES

coordinacion.biblioteca.biblioteca@unienlinea.mx Misión, Visión y Objetivos Bases de datos
Directorio Bibliotecas Digitales y Repositorios
Normatividad Revistas y artículos
Convenios interbibliotecarios
Boletines



Hecho en México. Universidad Insurgentes (UIN). Todos los derechos reservados 2024. Esta página y sus contenidos pueden ser reproducidos con fines no lucrativos, siempre y cuando no se mutile, se cite la fuente completa y su dirección electrónicas. De otra forma requiere permiso previo por escrito de la institución




2024 Copyright Universidad Insurgentes | www.bibliouin.com.mx